| 000 | 00743nam a22002057a 4500 | ||
|---|---|---|---|
| 005 | 20251108174531.0 | ||
| 008 | 250721s2007 xx 000 0 ara d | ||
| 082 | 1 | 4 | _aم/211.61/باق |
| 100 | 1 |
_aالباقولي، أبي الحسن علي بن الحسين الأصبهاني _eمؤلف |
|
| 245 | 1 | 0 | _aالإستدراك على أبي علي في الحجة / |
| 264 | 1 |
_aالصفاة : _bمكتبة البابطين المركزية للشعر العربي، _c2007. |
|
| 300 | _a759 ص. | ||
| 650 | 1 | 7 | _aالقرآن الكريم |
| 650 | 1 | 7 | _aاعجاز القرآن |
| 650 | 1 | 7 | _aنحو القرآن |
| 650 | 1 | 7 | _aقرااه القرآن |
| 700 | 1 | _aالدالي، محمد أحمد | |
| 942 |
_2ddc _cREF |
||
| 999 |
_c111618 _d111618 |
||